00800nam a22001577a 4500008004100000020001800041050001400059100002200073245009200095260003700187300002200224500002000246505034200266650000900608700002500617140828b xxu||||| |||| 00| 0 eng d a9780314149084 aKF957.N53 aNickles, Steve H. aPayments law and commercial paper: learning and teaching materials. /cSteve H. Nickles bAmerican Casebook Series,c2009. axx, 831p.:c25cm. aIncludes index. aContents: Paying in cash -- Escrowing payment -- Paying by check -- Returning dishonored checks -- Suing on checks -- Checking accounts -- Check fraud -- Shifting check fraud losses -- Bank checks -- Paying against documents -- Letters of credit -- Credit cards -- Commercial funds transfers -- Consumer funds transfers -- Digital money. aLaw. aMatthews, Mary Beth.